|
|
|
|
| LEADER |
01690nam a2200493 a 4500 |
| 001 |
nkc20132474684 |
| 003 |
CZ PrNK |
| 005 |
20161220115928.0 |
| 007 |
ta |
| 008 |
131112s2013 xr g 000 fbcze |
| 015 |
|
|
|a cnb002474684
|
| 020 |
|
|
|a 978-80-7294-962-5
|q (váz.)
|
| 035 |
|
|
|a (OCoLC)864847766
|
| 040 |
|
|
|a ABA001
|b cze
|
| 043 |
|
|
|a e-xr---
|
| 045 |
|
|
|a w8x6
|
| 072 |
|
7 |
|a 821.162.3-3
|x Česká próza
|2 Konspekt
|9 25
|
| 072 |
|
7 |
|a 929
|x Biografie
|2 Konspekt
|9 8
|
| 080 |
|
|
|a 821.162.3-31
|2 MRF
|
| 080 |
|
|
|a 929
|2 MRF
|
| 080 |
|
|
|a 77-051
|2 MRF
|
| 080 |
|
|
|a (437.3)
|2 MRF
|
| 080 |
|
|
|a (0:82-312.6)
|2 MRF
|
| 100 |
1 |
|
|a Němec, Jan,
|d 1981-
|7 xx0029257
|4 aut
|
| 245 |
1 |
0 |
|a Dějiny světla :
|b román o fotografovi Františku Drtikolovi /
|c Jan Němec
|
| 250 |
|
|
|a 1. vyd.
|
| 260 |
|
|
|a Brno :
|b Host,
|c 2013
|
| 300 |
|
|
|a 481 s. ;
|c 21 cm
|
| 500 |
|
|
|a Rozložená tit. s.
|
| 600 |
1 |
7 |
|a Drtikol, František,
|d 1883-1961
|7 jk01023120
|2 czenas
|
| 648 |
|
7 |
|a 19.-20. století
|7 ch757015
|2 czenas
|
| 648 |
|
4 |
|a 1883-1961
|
| 650 |
0 |
7 |
|a fotografové
|7 ph120335
|z Česko
|y 19.-20. století
|2 czenas
|
| 650 |
0 |
9 |
|a photographers
|z Czechia
|y 19th-20th centuries
|2 eczenas
|
| 655 |
|
7 |
|a české romány
|7 fd133974
|2 czenas
|
| 655 |
|
7 |
|a biografické romány
|7 fd131905
|2 czenas
|
| 655 |
|
9 |
|a Czech fiction
|2 eczenas
|
| 655 |
|
9 |
|a biographical novels
|2 eczenas
|
| 910 |
2 |
|
|a BOA001
|b 2-1322.657
|
| 990 |
|
|
|a BK
|
| 995 |
|
|
|a 01
|
| 991 |
|
|
|b 201403
|c NOV
|j B-NĚM
|e b
|
| 996 |
6 |
|
|b 2610582993
|c 2-1322.657
|l MZK
|r Sklad / do 1 hodiny
|n 11
|p p.v.
|w 001405261
|u 000010
|a 1
|e BOA001
|j MZK50
|s P
|
| 996 |
7 |
|
|b 2610582994
|c 2-1322.657
|l MZK
|r Sklad / do 1 hodiny
|n 31
|p p.v.
|w 001405261
|u 000020
|a 1
|e BOA001
|j MZK50
|s A
|